Then she was gone : (Record no. 26)

MARC details
000 -LEADER
fixed length control field 03374cam a2200433 i 4500
003 - CONTROL NUMBER IDENTIFIER
control field data
005 - DATE AND TIME OF LATEST TRANSACTION
control field 20260322212003.0
008 - FIXED-LENGTH DATA ELEMENTS--GENERAL INFORMATION
fixed length control field data
010 ## - LIBRARY OF CONGRESS CONTROL NUMBER
LC control number 2017032784
020 ## - INTERNATIONAL STANDARD BOOK NUMBER
International Standard Book Number 9781501154645
Qualifying information (hardcover)
020 ## - INTERNATIONAL STANDARD BOOK NUMBER
International Standard Book Number 1501154648
Qualifying information (hardcover)
020 ## - INTERNATIONAL STANDARD BOOK NUMBER
International Standard Book Number 9781501154669
Qualifying information (ebook)
037 ## - SOURCE OF ACQUISITION
Stock number BRO-copy20180510-001
040 ## - CATALOGING SOURCE
Original cataloging agency DLC
Language of cataloging eng
Description conventions rda
Transcribing agency DLC
Modifying agency UtOrBLW
-- YDX
-- BDX
-- OCLCQ
-- JQR
-- DAD
-- SXP
-- OCLCO
-- CZA
-- MLY
-- IGA
-- FMF
-- BUR
-- TXN
-- OCJ
-- IUK
-- OQX
-- ILC
-- TXMAL
-- YDX
-- OCLCO
-- OCLCQ
-- UPM
-- OCLCO
-- IN4
-- TXM
-- FBR
-- TXHUT
-- HAS
-- OCLCF
-- UtOrBLW
042 ## - AUTHENTICATION CODE
Authentication code pcc
050 00 - LIBRARY OF CONGRESS CALL NUMBER
Classification number PR6060.E95
Item number T48 2018
082 00 - DEWEY DECIMAL CLASSIFICATION NUMBER
Classification number 823/.914
Edition information 23
099 ## - LOCAL FREE-TEXT CALL NUMBER (OCLC)
Classification number JEWELL
001 - CONTROL NUMBER
control field data
100 1# - MAIN ENTRY--PERSONAL NAME
Personal name Jewell, Lisa,
Relator term author.
Authority record control number or standard number http://id.loc.gov/authorities/names/nb99011742
245 10 - TITLE STATEMENT
Title Then she was gone :
Remainder of title a novel /
Statement of responsibility, etc. Lisa Jewell.
250 ## - EDITION STATEMENT
Edition statement First Atria books hardcover edition
264 #1 - PRODUCTION, PUBLICATION, DISTRIBUTION, MANUFACTURE, AND COPYRIGHT NOTICE
Place of production, publication, distribution, manufacture New York :
Name of producer, publisher, distributor, manufacturer Atria Books,
Date of production, publication, distribution, manufacture, or copyright notice 2018
264 #4 - PRODUCTION, PUBLICATION, DISTRIBUTION, MANUFACTURE, AND COPYRIGHT NOTICE
Date of production, publication, distribution, manufacture, or copyright notice ©2017
300 ## - PHYSICAL DESCRIPTION
Extent 359 pages ;
Dimensions 24 cm
336 ## - CONTENT TYPE
Content type term text
Content type code txt
Source rdacontent
337 ## - MEDIA TYPE
Media type term unmediated
Media type code n
Source rdamedia
338 ## - CARRIER TYPE
Carrier type term volume
Carrier type code nc
Source rdacarrier
520 ## - SUMMARY, ETC.
Summary, etc. "Ten years after her teenage daughter disappears, a woman crosses paths with a charming single father whose young child feels eerily familiar, in this evocative, suspenseful drama from New York Times bestselling author Lisa Jewell--perfect for fans of Paula Hawkins and Liane Moriarty. Ellie Mack was the perfect daughter. She was fifteen, the youngest of three. She was beloved by her parents, friends, and teachers. She and her boyfriend made a teenaged golden couple. She was days away from an idyllic post-exams summer vacation, with her whole life ahead of her. And then she was gone. Now, her mother Laurel Mack is trying to put her life back together. It's been ten years since her daughter disappeared, seven years since her marriage ended, and only months since the last clue in Ellie's case was unearthed. So when she meets an unexpectedly charming man in a café, no one is more surprised than Laurel at how quickly their flirtation develops into something deeper. Before she knows it, she's meeting Floyd's daughters--and his youngest, Poppy, takes Laurel's breath away. Because looking at Poppy is like looking at Ellie. And now, the unanswered questions she's tried so hard to put to rest begin to haunt Laurel anew. Where did Ellie go? Did she really run away from home, as the police have long suspected, or was there a more sinister reason for her disappearance? Who is Floyd, really? And why does his daughter remind Laurel so viscerally of her own missing girl?"--
Assigning source Provided by publisher
650 #0 - SUBJECT ADDED ENTRY--TOPICAL TERM
Topical term or geographic name entry element Families
Form subdivision Fiction.
Authority record control number or standard number http://id.loc.gov/authorities/subjects/sh2008103507
650 #0 - SUBJECT ADDED ENTRY--TOPICAL TERM
Topical term or geographic name entry element Missing children
Form subdivision Fiction.
Authority record control number or standard number http://id.loc.gov/authorities/subjects/sh2008107468
650 #4 - SUBJECT ADDED ENTRY--TOPICAL TERM
Topical term or geographic name entry element FICTION / Contemporary Women
655 #7 - INDEX TERM--GENRE/FORM
Genre/form data or focus term Thrillers (Fiction)
Source of term lcgft
Authority record control number or standard number http://id.loc.gov/authorities/genreForms/gf2014026571
655 #7 - INDEX TERM--GENRE/FORM
Genre/form data or focus term Suspense fiction.
Source of term gsafd
655 #4 - INDEX TERM--GENRE/FORM
Genre/form data or focus term Suspense fiction
655 #7 - INDEX TERM--GENRE/FORM
Genre/form data or focus term Fiction.
Source of term fast
Authority record control number or standard number http://id.worldcat.org/fast/1423787
-- http://id.worldcat.org/fast/1423787
655 #7 - INDEX TERM--GENRE/FORM
Genre/form data or focus term Thrillers (Fiction)
Source of term fast
Authority record control number or standard number http://id.worldcat.org/fast/1726755
-- http://id.worldcat.org/fast/1726755
776 08 - ADDITIONAL PHYSICAL FORM ENTRY
Relationship information Online version:
Main entry heading Jewell, Lisa.
Title Then she was gone.
Edition First Atria Books hardcover edition.
Place, publisher, and date of publication New York : Atria Books, 2018
International Standard Book Number 9781501154669
Record control number (DLC) 2017039921
Holdings
Withdrawn status Lost status Damaged status Not for loan Home library Current library Shelving location Date acquired Total checkouts Full call number Barcode Date last seen Price effective from Koha item type
        Centerville Centerville General stacks 22/03/2026   823/.914 23 BC0010026 22/03/2026 22/03/2026 Books